000 00333nam a2200133Ia 4500
008 240624s9999 xx 000 0 und d
041 _aeng
082 _a658.8 KAS
100 _aKASHANI KAMRAN
245 _aBEYOND TRADITIONAL MARKETING INNOVATIONS
260 _c2005
_aChichester
_bJohn Wiley
300 _a324 : p.
365 _c
_b26
999 _c24367
_d24367